| 000 | 00527nam a22001697a 4500 | ||
|---|---|---|---|
| 003 | BD-ChCU | ||
| 005 | 20251217114335.0 | ||
| 008 | 251217b bg ||||| |||| 00| 0 ben d | ||
| 040 | _cBD-ChCU | ||
| 082 | _a551.7 STE | ||
| 100 |
_aStokes , William lee. _918254 |
||
| 245 |
_aEssentials of earth history : _ban introduction to historical geology . _cWilliam Lee , Stokes . |
||
| 260 |
_aEnglewood cliffs : _bPrentice - hall , _cC 1960 |
||
| 300 | _ax , 502p | ||
| 650 | 0 |
_aGeology , Stratigraphic. _918259 |
|
| 942 |
_2ddc _cBK _n0 |
||
| 999 |
_c110511 _d110511 |
||